| Tag |
First Indicator |
Second Indicator |
Subfields |
| LEADER |
00000cam a2200000 a 4500 |
| 001 |
in00001007352 |
| 005 |
20150927215137.0 |
| 008 |
900727s1990 enkab b 00100 eng |
| 010 |
|
|
|a 90045076
|
| 020 |
|
|
|a 1852930926
|
| 035 |
|
|
|a (OCoLC)23357503
|
| 035 |
|
|
|9 AFD5779AM
|
| 040 |
|
|
|a DLC
|c DLC
|d UtOrBLW
|
| 043 |
|
|
|a ew-----
|
| 049 |
|
|
|a TXAM
|
| 050 |
0 |
0 |
|a TE301
|b .G74 1990
|
| 082 |
0 |
0 |
|a 333.77
|2 20
|
| 245 |
0 |
4 |
|a The Greening of urban transport :
|b planning for walking and cycling in Western cities /
|c edited by Rodney Tolley.
|
| 264 |
|
1 |
|a London ;
|a Irvington, NY :
|b Belhaven Press,
|c 1990.
|
| 300 |
|
|
|a xviii, 309 pages :
|b illustrations, maps ;
|c 24 cm.
|
| 336 |
|
|
|a text
|b txt
|2 rdacontent
|
| 337 |
|
|
|a unmediated
|b n
|2 rdamedia
|
| 338 |
|
|
|a volume
|b nc
|2 rdacarrier
|
| 504 |
|
|
|a Includes bibliographical references and index.
|
| 650 |
|
0 |
|a Bicycle trails
|z Europe
|x Planning.
|
| 650 |
|
0 |
|a Sidewalks
|z Europe
|x Planning.
|
| 650 |
|
0 |
|a Trails
|z Europe
|x Planning.
|
| 650 |
|
0 |
|a Urban transportation policy
|z Great Britain.
|
| 700 |
1 |
|
|a Tolley, Rodney.
|
| 999 |
|
|
|a MARS
|
| 999 |
f |
f |
|s 8a06f3c7-0664-3047-aa31-9e15ddfa0004
|i 810714f3-5599-3939-8731-3e433e2cd5b8
|t 0
|
| 952 |
f |
f |
|p ric
|a Texas A&M University
|b Rellis Campus
|c Joint Library Facility
|d Remote Storage
|t 0
|e TE301 .G74 1990
|h Library of Congress classification
|i unmediated -- volume
|m A14814340566
|
| 998 |
f |
f |
|a TE301 .G74 1990
|t 0
|l Remote Storage
|